00585 2200205 4500001002100000005001500021035002000036007000300056008004100059020002200100082001300122084001900135100002100154245009200175250001100267260003800278300003200316650002200348990000900370INLIS00000000000181820180328084524 a0010-0318000161ta180328 g 0 ind  a978-979-1373-33-3 a302.2244 a302.2244 ASY m0 aASYRAF, Suryadin1 aMenulis Berkomunikasi dengan Surat :bDilengkapi dengan contoh surat /cAsyraf Suryadin acet. 1 aPangkalpinang :bUBB Press,c2010 avi; 141 hlm ;c15,5 x 23 cm aKOMUNIKASI VERBAL a1065